000 00470nam a2200157 a 4500
001 000045538
005 20201002052314.0
008 150414s2004 dr a 000 0 spa d
040 _aDO-SdBNP
_bspa
_cBNPHU
082 _axxxxxxx
_bxxxxxxx
100 1 _aNova, Willian
_973597
245 1 0 _aMétodo de aprendizaje para personas iletradas /
_cWillian Nova.
260 _a[s. l.], :
_b[s.e.],
_c[s. f.].
300 _a59 p. :
_bil. ;
_c28 cm.
590 _aInventariado, 2018/ YL
999 _c45027
_d45027